[Event "Arab-ch U14"]
[Site "Baghdad"]
[Date "2022.03.14"]
[Round "6"]
[White "Hussein, Maher Nadham"]
[Black "Hossam Mohamed, Adham"]
[Result "0-1"]
[WhiteElo "1067"]
[BlackElo "1712"]
[PlyCount "104"]
[EventDate "2022.03.10"]
[EventType "swiss"]
[EventRounds "9"]
[EventCountry "IRQ"]
[SourceTitle "EXT 2023"]
[Source "ChessBase"]
[SourceDate "2022.10.05"]
[SourceVersion "1"]
[SourceVersionDate "2022.10.05"]
[SourceQuality "1"]

1. d4 Nf6 2. Bf4 g6 3. e3 Bg7 4. Nf3 0-0 5. Be2 d6 6. h3 Nbd7 7. c4 c5 8. d5 Nh5 9. Nc3 Nxf4 10. exf4 Nf6 11. 0-0 Qb6 12. Qd2 Bf5 13. Rfe1 Rfe8 14. a3 Rad8 15. Bd3 Bc8 16. Re2 e6 17. dxe6 Bxe6 18. Ng5 Bd7 19. Rae1 Rxe2 20. Rxe2 Bc6 21. Re7 Rf8 22. Be4 h6 23. Bxc6 bxc6 24. Nf3 Rd8 25. Na4 Qb3 26. Nxc5 Qxc4 27. Nb7 Bf8 28. Ne5 Ne4 29. Qd1 dxe5 30. Qxd8 Qc1+ 31. Kh2 Qxf4+ 32. Kh1 Nxf2+ 33. Kg1 Qe3 34. Kh2 Qg5 35. Re8 Qxd8 36. Nxd8 Nd3 37. Nxc6 f6 38. Nd8 Nxb2 39. Kg3 Nc4 40. Ne6 Kf7 41. Rxf8+ Kxe6 42. Kf3 Nxa3 43. Ra8 Nb5 44. g4 f5 45. gxf5+ gxf5 46. Rh8 Nd4+ 47. Ke3 Kd5 48. Rxh6 f4+ 49. Kf2 e4 50. Ra6 e3+ 51. Ke1 f3 52. Rxa7 Nc2+ 0-1